000 01398nam a2200313 4500
001 0000020782
003 CO-CtgCURN
005 20250515192507.0
007 ta
008 160627s2004 000 0 eng d
020 _a9586762580
040 _aCO-CtgCURN
_bspa
_ccoctgcurn
082 0 _a346.2
_bP11dc
100 1 _aPabon Parra, Pedro Alfonso.
245 1 0 _aDelitos contra la familia :
_bviolencia intrafamiliar, adopcion irregular, inasistencia alimentaria. Incesto. Supresion, alteracion o suposicion de estado civil /
_cPedro Alfonso Pabon Parra.
250 _a2a ed. actualizada.
260 _aBogotá :
_bEdiciones Doctrina y Ley,
_c2004.
300 _axix, 532 p.
336 _2rdacontent
337 _2rdamedia
_asin mediacion
_bn
338 _2rdacarrier
_avolumen
_bnc
504 _aNotas bibliograficas al pie del texto.
505 8 _aLa familia y su protección juridica.--Violencia intrafamiliar.--Adopcion irregular.--Delitos contra la asistencia alimentaria.--El incesto.--Lecturas.--Supresion, alteracion o suposicion del estado civil
650 1 4 _aDelitos contra las personas.
730 0 _aViolencia intrafamiliar, adopcion irregular, inasistencia alimentaria. Incesto. Supresion, alteracion o suposicion de estado civil.
908 _a160627
942 _cBK
_h346.2
_iP11dc
_2ddc
_n0
999 _c20078
_d20078